NBA 2002 Playoffs Starters - Statistics

General Stats
  • This quiz has been taken 493 times
    473 since last reset
  • The average score is 44 of 80
Answer Stats
Team Player % Correct
Nets Jason Kidd
97%
Lakers Kobe Bryant
97%
Lakers Shaquille O'Neal
97%
Timberwolves Kevin Garnett
96%
Spurs Tim Duncan
94%
Mavericks Dirk Nowitzki
93%
76ers Allen Iverson
92%
Pistons Ben Wallace
91%
Pacers Brad Miller
91%
Jazz John Stockton
91%
Jazz Karl Malone
91%
Celtics Paul Pierce
91%
Trail Blazers Rasheed Wallace
91%
Pacers Reggie Miller
91%
Spurs Tony Parker
91%
SuperSonics Gary Payton
89%
Timberwolves Chauncey Billups
87%
Pistons Clifford Robinson
87%
Spurs David Robinson
87%
Mavericks Steve Nash
87%
Lakers Derek Fisher
86%
Pacers Jermaine O'Neal
86%
Magic Tracy McGrady
86%
Kings Chris Webber
83%
76ers Dikembe Mutombo
79%
Kings Vlade Divac
78%
Raptors Alvin Williams
71%
Celtics Eric Williams
71%
Magic Monty Williams
71%
Kings Mike Bibby
70%
Lakers Rick Fox
68%
Raptors Antonio Davis
67%
Hornets Baron Davis
67%
Trail Blazers Dale Davis
67%
Trail Blazers Damon Stoudamire
67%
Nets Kenyon Martin
66%
Celtics Antoine Walker
64%
Lakers Robert Horry
63%
Spurs Bruce Bowen
62%
Trail Blazers Scottie Pippen
62%
Pacers Ron Artest
60%
Nets Keith Van Horn
59%
Spurs Steve Smith
59%
Kings Doug Christie
53%
Mavericks Michael Finley
53%
76ers Eric Snow
52%
Timberwolves Wally Szczerbiak
50%
SuperSonics Rashard Lewis
48%
Hornets P.J. Brown
46%
Nets Kerry Kittles
45%
Magic Horace Grant
44%
Pistons Jerry Stackhouse
41%
Jazz Bryon Russell
40%
Celtics Kenny Anderson
35%
Kings Hedo Türkoğlu
30%
Pistons Michael Curry
30%
Magic Darrell Armstrong
28%
SuperSonics Desmond Mason
27%
Jazz Andrei Kirilenko
26%
Pacers Jamaal Tinsley
26%
Jazz Jarron Collins
26%
Hornets David Wesley
25%
SuperSonics Vin Baker
23%
Trail Blazers Bonzi Wells
21%
76ers Derrick Coleman
20%
Timberwolves Rasho Nesterović
20%
Hornets George Lynch
18%
Celtics Tony Battie
18%
Hornets Elden Campbell
17%
Raptors Morris Peterson
17%
Mavericks Raef LaFrentz
17%
SuperSonics Brent Barry
16%
Nets Todd MacCulloch
14%
Timberwolves Sam Mitchell
11%
Pistons Chucky Atkins
10%
Raptors Chris Childs
9%
Raptors Keon Clark
9%
76ers Matt Harpring
8%
Mavericks Eduardo Nájera
7%
Magic Pat Garrity
6%
No matching quizzes found
Score Distribution
Percent of People with Each Score
Percentile by Number Answered
Your Score History
You have not taken this quiz since the last reset